Du Canada en Equateur - Statistiques

Statistiques générales
  • Ce quiz a été pris 306 fois
  • Le résultat moyen est 17 sur 20
Statistiques - réponses
Réponse % Correct
Etats-Unis
100%
Mexique
100%
Belize
88%
Guatemala
87%
Honduras
85%
Panama
84%
Colombie
83%
Costa Rica
83%
Nicaragua
83%
Salvador
83%
Brésil
82%
Venezuela
82%
Suriname
81%
Argentine
80%
Guyana
80%
Paraguay
80%
Pérou
80%
Uruguay
80%
Chili
79%
Bolivie
78%
Aucun quiz correspondant
Distribution des résultats
% des personnes avec chaque résultat
Percentile par nombre de réponses
Votre historique - résultats
Vous n’avez pas pris ce quiz